[Event "Foxwoods op 14th"]
[Site "Ledyard"]
[Date "2022.04.17"]
[Round "8"]
[White "Shivakumar, Shawnak"]
[Black "Castillo Garcia, Josue Natanael"]
[Result "0-1"]
[WhiteElo "1886"]
[BlackElo "2126"]
[PlyCount "56"]
[EventDate "2022.04.13"]
[EventType "swiss"]
[EventRounds "9"]
[EventCountry "USA"]
[SourceTitle "CBM 207 Extra"]
[Source "ChessBase"]
[SourceDate "2022.05.31"]
[SourceVersion "1"]
[SourceVersionDate "2022.05.31"]
[SourceQuality "1"]

1. c4 e6 2. Nf3 d5 3. e3 Nf6 4. b3 c5 5. Bb2 Nc6 6. cxd5 exd5 7. Bb5 Bd7 8. 0-0 Bd6 9. d4 cxd4 10. Nxd4 0-0 11. Nf3 Bg4 12. Be2 Re8 13. Nc3 Rc8 14. Nd4 h5 15. Bxg4 Nxg4 16. h3 Nxd4 17. Qxd4 Bh2+ 18. Kh1 Be5 19. Qd2 Qh4 20. Nxd5 Rcd8 21. Bxe5 Rxe5 22. e4 Rxe4 23. Rae1 Rxd5 24. Qxd5 Nxf2+ 25. Kg1 Nxh3+ 26. gxh3 Qg3+ 27. Kh1 Qxh3+ 28. Kg1 Qg3+ 0-1

[Event "World op 47th"]
[Site "Philadelphia"]
[Date "2019.07.03"]
[Round "1"]
[White "Cordova, Emilio"]
[Black "Castillo Garcia, Josue Natanael"]
[Result "1-0"]
[WhiteElo "2615"]
[BlackElo "2156"]
[PlyCount "89"]
[EventDate "2019.07.03"]
[EventType "swiss"]
[EventRounds "9"]
[EventCountry "USA"]
[SourceTitle "CBM 191 Extra"]
[Source "ChessBase"]
[SourceDate "2019.09.30"]
[SourceVersion "1"]
[SourceVersionDate "2019.09.30"]
[SourceQuality "1"]

1. Nf3 Nf6 2. c4 c6 3. b3 g6 4. Bb2 Bg7 5. g3 0-0 6. Bg2 d5 7. 0-0 Bf5 8. d3 Re8 9. Nbd2 Nbd7 10. Nd4 Bg4 11. h3 e5 12. Nxc6 bxc6 13. hxg4 Nxg4 14. cxd5 cxd5 15. Bxd5 Qg5 16. Nf3 Qh5 17. Kg2 Rad8 18. e4 g5 19. Qe2 Qg6 20. Rac1 Rc8 21. Rxc8 Rxc8 22. Nd4 exd4 23. Qxg4 Rc7 24. Qe2 g4 25. Bc4 h5 26. f4 gxf3+ 27. Qxf3 Ne5 28. Qf5 Qg4 29. Qxg4 Nxg4 30. Bc1 Ne5 31. Rh1 Rc5 32. a4 Nxc4 33. dxc4 Re5 34. Kf3 f5 35. exf5 Rxf5+ 36. Bf4 Kf7 37. Ke4 Ke6 38. b4 Bf8 39. b5 Bc5 40. a5 Kf6 41. g4 Rxf4+ 42. Kxf4 hxg4 43. Rh6+ Ke7 44. Kxg4 d3 45. Kf3 1-0